| Tag |
First Indicator |
Second Indicator |
Subfields |
| LEADER |
00000cam a2200000 i 4500 |
| 001 |
in00000802001 |
| 005 |
20190504063116.0 |
| 008 |
791011s1979 dcu b f00010 eng d |
| 010 |
|
|
|a gp 79022684
|
| 020 |
|
|
|c $4.00 (pbk. :)
|
| 035 |
|
|
|a (OCoLC)05511231
|
| 035 |
|
|
|9 ADT7305AM
|
| 037 |
|
|
|b 20402
|
| 040 |
|
|
|c GPO
|d UtOrBLW
|
| 043 |
|
|
|a n-us---
|
| 074 |
|
|
|a 445-L-4
|
| 086 |
0 |
|
|a HE 23.1210/4:C 43/2
|
| 100 |
1 |
|
|a Jenkins, James L.
|
| 245 |
1 |
0 |
|a Child protective services :
|b a guide for workers /
|c James L. Jenkins, Marsha K. Salus, Gretchen L. Schultze ; [edited and produced by Kirschner Associates, Inc.].
|
| 264 |
|
2 |
|a Washington :
|b Dept. of Health, Education, and Welfare, Office of Human Development Services, Administration for Children, Youth, and Families, Children's Bureau, National Center on Child Abuse and Neglect : for sale by the Supt of Docs., U.S. Govt. Print. Off,
|c 1979.
|
| 300 |
|
|
|a ix, 89 pages, 10 unnumbered pages ;
|c 27 cm.
|
| 336 |
|
|
|a text
|b txt
|2 rdacontent
|
| 337 |
|
|
|a unmediated
|b n
|2 rdamedia
|
| 338 |
|
|
|a volume
|b nc
|2 rdacarrier
|
| 490 |
1 |
|
|a The User manual series
|
| 490 |
1 |
|
|a DHEW publication ; no. (OHDS) 79-30203
|
| 500 |
|
|
|a Aug. 1979.
|
| 500 |
|
|
|a Contract number HEW-105-77-1050.
|
| 504 |
|
|
|a Bibliography: pages [98-99].
|
| 650 |
|
0 |
|a Volunteer workers in social service
|z United States.
|
| 650 |
|
0 |
|a Mental health personnel.
|
| 650 |
|
0 |
|a Abused children
|x Services for
|z United States.
|
| 700 |
1 |
|
|a Salus, Marsha K.
|
| 700 |
1 |
|
|a Schultze, Gretchen L.
|
| 710 |
2 |
|
|a National Center on Child Abuse and Neglect (U.S.)
|
| 710 |
2 |
|
|a Kirschner Associates.
|
| 830 |
|
0 |
|a User manual series.
|
| 830 |
|
0 |
|a DHEW publication ;
|v no. (OHDS) 79-30203.
|
| 999 |
|
|
|a MARS
|
| 999 |
f |
f |
|s 6fea0d6d-89c6-315b-9f29-afd30521a50f
|i a4ca85db-6d16-3488-8d15-97e88b69300f
|t 0
|
| 952 |
f |
f |
|p normal
|a Texas A&M University
|b College Station
|c Sterling C. Evans Library
|d Evans: US Documents (Annex 5th floor)
|t 0
|e HE 23.1210/4:C 43/2
|h Superintendent of Documents classification
|i unmediated -- volume
|m A14815237237
|
| 998 |
f |
f |
|a HE 23.1210/4:C 43/2
|t 0
|l Evans: US Documents (Annex 5th floor)
|